000 00973nam a2200289 a 4500
001 000116135
003 CHAP
005 20220329144602.0
008 190918s2019 mx a |r| |||||||spa d
010 _a112596
011 _a113568
040 _cCHAP
090 _aFolleto 18498
245 0 3 _aEl nuevo centro comunitario Ecatepec :
_bcasa de Morelos /
_cdiseño editorial : Adriana Molina Sánchez. Ilustración de portada César Roquero.
260 _aEcatepec, Méx. :
_bINAH
_bSecretaría de Cultura,
_c[2019].
300 _a39 p. :
_bil.
590 _aBATCH-UPD
_b05
_c20190918
_lUCH01
_h1210
590 _aE5765TAJ
_b05
_c20190918
_lUCH01
_h1209
590 _aE5765TAJ
_b05
_c20190918
_lUCH01
_h1227
590 _aE5765TAJ
_b05
_c20190918
_lUCH01
_h1228
650 1 4 _aCentro Comunitario Ecatepec
_vGuía de viajes.
_9136871
700 1 _aMolina Sánchez, Adriana
_eed.
_9136869
700 1 _aRoquero, Cesar
_eil.
_9136870
901 _aBK
942 _cFOLL
942 _n0
999 _c112596
_d112596